006800000a22002050004500003001100000005001700011008004100028020001500069040003900084041000800123082001300131100002100144245001300165260004700178300002700225490003800252520013100290650003400421700001900455LK-CoMWRAF20231226233004.0230817t1977 ||||| |||| 00| 0 eng d a0899081207 aLK-CoMWRAFdLK-CoMWRAFeLK-CoMWRAF aeng a201bPAI aPainter, Desmond aReligion aLondon:bGeorge G. Harrap & Co. Ltd,c1977 a 32 p. : ill. ; 24 cm. a Greenhaven World History Program aBriefly discusses forms and functions of religious beliefs and organizations in world history, personal belief, and secularism aReligion -Juvenile literature aShepherd, John